The use of tenses in English

Đã lưu trong:
书目详细资料
格式: 图书
标签: 添加标签
没有标签, 成为第一个标记此记录!
Thư viện lưu trữ: Mạng thư viện Đại học Đà Nẵng
LEADER 00417nam a22001691a 4500
001 000038105
003 14400
005 20160412021224.0
008 160412s0 000
082 |a 4A(07)1666 
245 |a The use of tenses in English  |c John Milington 
OWN |a LNN 
999 |a From the UDN01 
TYP |a Monograph 
980 |a Mạng thư viện Đại học Đà Nẵng